The Greatest Opera Collection : Donizetti, Rossini, Cherubini /

Compilación de algunas de las óperas más reconocidas en la historia de la música e interpretadas por voces reconocidas, como José Carreras, María Callas, Plácido Domingo, Luciano Pavarotti y Mirella Freni. La historia de la ópera se remonta hacia 1600 con La Dafne de Jacopo Peri; pronto dejó de ser...

Descrición completa

Gardado en:
Detalles Bibliográficos
Autor Principal: Rossini, Gioacchino (música)
Outros autores: Donizetti, Gaetano (música) (música), Cherubini, Luigi (música) (música), Pavarotti, Luciano (voz) (voz), Callas, Maria (voz) (voz), Scotto, Renata (voz) (voz), Cappuccilli, Piero (voz) (voz), Ferrin, Antonio (voz) (voz), Manganotto, Luciano (voz) (voz), Cvejic, Biserka (voz) (voz)
Formato: Audio
Idioma:inglés
Publicado: Merenberg, Alemania : ZYX Music, 1993, c1993
Series:(ZYX Classics)
Temas:
Etiquetas: Engadir etiqueta
Sen Etiquetas, Sexa o primeiro en etiquetar este rexistro!

MARC

LEADER 00000njm^a2200000^a^4500
001 000446997
005 20250521000000.0
009 20260526145257.376
037 |a Acervo ITESO - Biblioteca 
041 |a SON 
041 |a ING 
082 |a 782. 192  |b GRE V. 2 T. 8 
100 |a Rossini, Gioacchino  |e (música) 
240 1 1 |a [Stabat Mater, de Gioacchino Rossini] 
240 1 1 |a [Semiramide] 
240 1 4 |a [El barbero de Sevilla] 
240 1 1 |a [Lucía de Lammermoor] 
240 1 1 |a [Madea, de Luigi Cherubini] 
240 1 1 |a [Don Pasquale] 
240 1 1 |a [Ana Bolena, de Gaetano Donizetti] 
240 1 4 |a [La favorita, de Gaetano Donizetti] 
245 1 4 |a The Greatest Opera Collection :  |b Donizetti, Rossini, Cherubini /  |c Música de G. Rossini, G. Donizetti, L. Cherubini ; tenor L. Pavarotti, L. Manganotto ; barítono P. Cappuccilli ; bajo A. Ferrin ; soprano M. Callas, R. Scotto ; mezzo-soprano B. Cvejic. 
264 4 |a Merenberg, Alemania :  |b ZYX Music,  |c 1993, c1993 
300 |a 1 disco compacto sonoro (69 min.) 
336 |a música interpretada  |b prm  |2 rdacontenido 
337 |a audio  |b s  |2 rdamedio 
338 |a disco sonoro  |b sd  |2 rdasoporte 
440 1 |a (ZYX Classics) 
520 |a Compilación de algunas de las óperas más reconocidas en la historia de la música e interpretadas por voces reconocidas, como José Carreras, María Callas, Plácido Domingo, Luciano Pavarotti y Mirella Freni. La historia de la ópera se remonta hacia 1600 con La Dafne de Jacopo Peri; pronto dejó de ser un privilegio exclusivo de la aristocracia y los dignatarios eclesiásticos y la multitud la hizo suya, sobre todo en Venecia, en Italia, y de ahí pasó a otros países de Europa durante los siglos XVII y XVIII. La ópera se cultivó en la corte de Luis XIV y, ya en la segunda mitad del siglo XVIII el alemán Christoph Willibald Gluck la reformó completamente haciéndola acompañar de la orquesta. Fueron las óperas de Wolfgang Amadeus Mozart las primeras que ganaron fama mundial. La presente colección incluye algunos a los más famosos compositores de ópera de los siglos XVIII y XIX, como Giuseppe Verdi, Giacomo Puccini, Richard Wagner y el propio Mozart, entre otros. 
546 |a Edición bilingüe alemán-inglés 
591 |a Obra contenida en una caja (10 volúmenes) 
649 |a XX 
650 |a Opera Bufa -  |z Italia 
650 |a Opera -  |z Italia 
650 |a Opera -  |x Historia y Crítica 
650 |a Opera -  |x Tema Principal 
650 |a Música Sacra -  |z Italia 
650 |a Música para Representación -  |z Italia 
650 |a Música en el Teatro -  |z Italia 
650 |a Música Vocal -  |z Italia 
650 |a Música Romántica -  |z Italia 
650 |a Música de Concierto -  |z Italia 
650 |a Música Italiana -  |y Siglo XIX 
700 |a Donizetti, Gaetano  |e (música) 
700 |a Cherubini, Luigi  |e (música) 
700 |a Pavarotti, Luciano  |e (voz) 
700 |a Callas, Maria  |e (voz) 
700 |a Scotto, Renata  |e (voz) 
700 |a Cappuccilli, Piero  |e (voz) 
700 |a Ferrin, Antonio  |e (voz) 
700 |a Manganotto, Luciano  |e (voz) 
700 |a Cvejic, Biserka  |e (voz) 
910 |a Fondo General 
920 |a Sonoros - CDs 
940 |a CDs de Música 
905 |a 401 
901 |a 0500373490  |b IT2  |c CDM  |i D  |u 20250521 
902 |a https://opac.biblio.iteso.mx/vufind/Record/000446997